| 000 | 00926nac a22002657a 4500 | ||
|---|---|---|---|
| 001 | BR9100053 | ||
| 003 | BR-BrBNA | ||
| 005 | 20240105121133.0 | ||
| 008 | 230509b bl.|||m| |||| 00| 0 por d | ||
| 040 |
_aBR-BrBNA _bpor _cBiblioteca Nacional de Agricultura |
||
| 072 | _aL70 | ||
| 090 | _a5400 BR9100053 | ||
| 100 | 1 | _aMiranda, A.H. | |
| 110 | 1 |
_aUniversidade Federal de Goias, Goiania (Brasil); _910787 |
|
| 110 | 1 |
_aUniversidade Federal de Minas Gerais, Belo Horizonte (Brasil) _910835 |
|
| 245 | 1 | _aSutura metalica empregada na enternastomose termino-terminal em caesColecao Teses Universitarias - Universidade Federal de Goias (Brazil) | |
| 260 | 3 |
_aGoiania, GO (Brasil): _c1984. |
|
| 300 | _a68 p.no. 31 | ||
| 500 | _aSummaries (En, Pt); 12 illus.; 43 ref. | ||
| 502 | _aTese (Mestrado) | ||
| 650 | _aCAO | ||
| 650 | _aCIRURGIA | ||
| 909 |
_a202312 _bLúcia Elande _c55 _dLúcia Elande |
||
| 942 |
_2AGRIS _n0 _cMS |
||
| 999 |
_c283512 _d283512 |
||